| 000 | 01132cam a2200349 i 4500 | ||
|---|---|---|---|
| 001 | 2604 | ||
| 003 | FISKH | ||
| 005 | 20240229151240.0 | ||
| 008 | 160817s20161927nyua c 000 1 eng | ||
| 010 | _a 2015298540 | ||
| 020 | _a9780448489544 (hardcover) | ||
| 020 | _a0448489546 (hardcover) | ||
| 040 |
_aDLC _cDLC _beng |
||
| 042 |
_alcac _apcc |
||
| 050 | 0 | 0 |
_aPZ7.D644 _bSe 2016 |
| 082 | 0 | 0 |
_a[Fic] _223 |
| 100 | 1 | _aDixon, Franklin W., | |
| 245 | 1 | 4 |
_aThe secret of the old mill / _cby Franklin W. Dixon |
| 260 |
_aNew York : _bGrosset & Dunlab, _c1962. |
||
| 300 |
_a174 pages : _billustrations ; _c20 cm. |
||
| 336 |
_atext _btxt _2rdacontent |
||
| 337 |
_aunmediated _bn _2rdamedia |
||
| 338 |
_avolume _bnc _2rdacarrier |
||
| 490 | 1 |
_aThe Hardy boys mystery stories ; _vBook 3 |
|
| 520 | _aTeenage detectives Frank and Joe Hardy investigate a case of counterfeiting. | ||
| 650 | 1 | _aMystery and detective stories. | |
| 650 | 1 |
_aCounterfeits and counterfeiting _vFiction. |
|
| 700 | 1 |
_aRogers, Walter S., _eillustrator. |
|
| 906 |
_a7 _bcbc _corigres _d2 _encip _f20 _gy-gencatlg |
||
| 942 |
_2ddc _cBK _n0 |
||
| 999 |
_c2604 _d2604 |
||